000 01079nam a2200325 a 4500
001
003 DO-SdBNP
005 20220322125005.0
007
008 090819s2008 mx a 000 0 spa d
020 _a9789702218258
040 _aBPMSU
_bspa
_cBPMSU
082 _a813.5
_bK46be 2008
_222
100 1 _a Kidd, Ronald
245 1 0 _aLa bella y la bestia :
_bla fiesta perfecta /
_cRonald Kidd ; iusustrado por Adan Devaney, Diana Wakeman ; traductor Beatriz Stellino
246 1 3 _aPadres e hijos comparten y aprenden
260 _aMéxico :
_bEdiciones Larousse,
_c2008
300 _a[42] p. :
_bils. ;
_c27 cm.
490 0 _aMi biblioteca familiar bilingüe
534 _aTexto en español e inglés
590 _6Inventariado, 2022/VM
650 4 _aCuentos infantiles estadounidenses.
650 4 _aLiteratura infantil estadounidenses
_v
700 1 _aDevaney, Adan
_eilustración
700 1 _aWakeman, Diana
_eilustración
700 1 _aStellino, Beatriz
_etraductor
710 2 _aWalt Disney
910 _aVMateo V.
942 _2ddc
_cBK
999 _c14102
_d14102